000 00262nam a2200109Ia 4500
008 240625s9999 xx 000 0 und d
041 _aeng
082 _a336.24 AHU
100 _aAHUJA GIRISH
245 _aSYSTEMATIC APPROACH TO INCOME TAX SERVIC
260 _c2011
999 _c38172
_d38172